Guess the Fusion Rock Song Lyrics #141 - Statistics

General Stats
  • This quiz has been taken 11 times
  • The average score is 202 of 375
Answer Stats
Answer % Correct
I
100%
you
100%
a
90%
all
90%
and
90%
And
90%
for
90%
in
90%
it
90%
it's
90%
me
90%
the
90%
The
90%
your
90%
be
80%
by
80%
From
80%
like
80%
my
80%
of
80%
on
80%
there
80%
to
80%
When
80%
where
80%
at
70%
can
70%
day
70%
days
70%
Do
70%
do
70%
end
70%
give
70%
Give
70%
Just
70%
Oh
70%
oh
70%
that
70%
we
70%
We
70%
with
70%
you'd
70%
but
60%
couldn't
60%
don't
60%
every
60%
never
60%
now
60%
remember
60%
Remember
60%
took
60%
up
60%
wear
60%
we'd
60%
would
60%
anything
50%
before
50%
boy
50%
girl
50%
out
50%
something
50%
That's
50%
thought
50%
told
50%
was
50%
baby
40%
back
40%
beat
40%
car
40%
didn't
40%
drove
40%
hand
40%
Jose
40%
LA
40%
Long
40%
old
40%
Ooh
40%
ooh
40%
ring
40%
San
40%
sand
40%
sea
40%
September
40%
sun
40%
away
30%
Beach
30%
beach
30%
Chevrolet
30%
dancing
30%
door
30%
everybody
30%
everybody's
30%
graduation
30%
hop
30%
hot
30%
July
30%
moonlight
30%
next
30%
recognize
30%
school
30%
wait
30%
walk
30%
Whatever
30%
American
20%
crew
20%
cut
20%
fading
20%
First Class
20%
friend
20%
fun
20%
guess
20%
happened
20%
haze
20%
high
20%
Jukebox
20%
male
20%
plays
20%
pony
20%
pop
20%
shore
20%
sneakers
20%
soda
20%
Surfin
20%
tail
20%
tanned
20%
blue
10%
dress
10%
ruined
10%
No matching quizzes found
Score Distribution
Percent of People with Each Score
Percentile by Number Answered
Your Score History
You have not taken this quiz